| 000 | 01017cab a2200301 4500 | ||
|---|---|---|---|
| 001 | ABS50899 | ||
| 008 | 090401t1994 xxu||||| |||| 00| 0 eng d | ||
| 035 | _a(Sirsi) u652 | ||
| 041 | _aeng | ||
| 100 | _aCastle, R. | ||
| 245 | _aIndex linking of rent | ||
| 260 | _c1994 | ||
| 350 | _a0 | ||
| 490 |
_aSolicitors` Journal _v138(21) 3 June 1994, 552-553(2) |
||
| 520 | _aDiscusses the advantages of index linking rent review assessments and offers practical advise on how to choose the appropriate index, how to deal with long periods of rent review and what happens if the index being used is altered or abolished. | ||
| 650 | _aAVERAGE INCOMES INDEX | ||
| 650 | _aCONSTRUCTION INDEX | ||
| 650 | _aHOUSE PRICE INDEX | ||
| 650 | _aINDEX LINKED | ||
| 650 | _aINDEXATION | ||
| 650 | _aRENT REVIEWS | ||
| 650 | _aALL ITEMS RETAIL PRICES INDEX | ||
| 650 | _aALL ITEMS RETAIL PRICES INDEX | ||
| 690 | _aLANDLORD AND TENANT-RENT REVIEWS | ||
| 700 | _aMcFarquhar, A. | ||
| 942 | _n0 | ||
| 948 | _c04/03/1997 | ||
| 999 |
_c328 _d328 |
||